LOTR Alphabet - Statistics

General Stats
  • This quiz has been taken 80 times
  • The average score is 15 of 25
Answer Stats
Hint Letter LOTR Name, place, items etc. % Correct
Middle Earth races. E Elves - Ents - (Great) Eagles
93%
Father of Boromir and Faramir. D Denethor II
90%
Author of LOTR J J.R.R. Tolkien
90%
Hobbit last names, which Bilbo says in his speech. (movie) B Baggins - Boffin - Brandybuck- Bolger - Bracegirdle
89%
Cursed Forest F Fangorn
89%
Ringwraithes N Nazgûl
83%
Dwarves other than Gimli. G Glóin - Gróin - Grór - Gamil
76%
Seeing-stones P Palantír
69%
Ring-Bearers S Sméagol - Sauron - Samwise
69%
Middle earth places visited in the movies L Lake-Town - Lonely Mountain (erebor) - Lothlórien
66%
The two towers of Gondor M Minas Tirith - Minas Morgûl (Ithil)
66%
Neutral character who could be a god T Tom Bombadil
66%
Small passage into Mordor. C Cirith Ungol
65%
Middle Earth regions R Rohan - Rhûn - Rhovanion - Rhudaur
63%
River city in Gondor O Osgiliath
62%
The Mines of Moria K Khazad-Dûm
56%
Undying lands V Valinor
56%
Second level gods. A Ainur
51%
Mother of Shelob U Ungoliant
49%
Anything starting with Q Q Quenya - Quickbeam - Quendi
37%
Sigil of Saruman W White hand
35%
People from Rohan H Háma - Helm Hammerhand - Haleth- Harding - Herefara - Herubrand
32%
Something starting with "Iron" I Iron Hills - Iron Crown - Iron Mountains- Iron Woods - Iron Guards
30%
Anything starting with Z Z Zigur - Zirak-Zigul - Zaragamba
14%
Anything starting with Y Y Yavana - (The) Yale - Yellow mountains -Yôzâyan - Yavannamire
6%
No matching quizzes found
Score Distribution
Percent of People with Each Score
Percentile by Number Answered
Your Score History
You have not taken this quiz